Antibacterial effect of selected essential oils as possible disinfectants in food industry

Elmentve itt :
Bibliográfiai részletek
Szerzők: Vidács Anita
Véha Antal
Vágvölgyi Csaba
Krisch Judit
Testületi szerző: Second International Congress Food Technology, Quality and Safety
Dokumentumtípus: Könyv része
Megjelent: 2014
mtmt:2862701
Online Access:http://publicatio.bibl.u-szeged.hu/7502
LEADER 00854naa a2200205 i 4500
001 publ7502
005 20190904142648.0
008 160728s2014 hu o 1|| zxx d
024 7 |a 2862701  |2 mtmt 
040 |a SZTE Publicatio Repozitórium  |b hun 
041 |a zxx 
100 1 |a Vidács Anita 
245 1 0 |a Antibacterial effect of selected essential oils as possible disinfectants in food industry  |h [elektronikus dokumentum] /  |c  Vidács Anita 
260 |c 2014 
300 |a 546-549 
700 0 1 |a Véha Antal  |e aut 
700 0 1 |a Vágvölgyi Csaba  |e aut 
700 0 1 |a Krisch Judit  |e aut 
711 |a Second International Congress Food Technology, Quality and Safety  |c Novi Sad, Szerbia  |d 2014.10.28-2014.10.30. 
856 4 0 |u http://publicatio.bibl.u-szeged.hu/7502/6/II%20International%20Congress%20__Food%20Technology%2C%20Quality%20and%20Safety__.pdf  |z Dokumentum-elérés